U.S. State Trivia by Letter - P - Statistics

General Stats
  • This quiz has been taken 104 times
  • The average score is 19 of 24
Answer Stats
Hint Answer % Correct
Georgia's most famous fruit Peach
95%
State founded by William Penn Pennsylvania
94%
Food commonly consumed while watching movies Popcorn
94%
Capital and largest city in Arizona Phoenix
93%
Types of trees you can find in southern states like Florida {Palm} Trees
91%
Hawaiian naval base attacked by Japan Pearl Harbor
91%
Large cities in both Oregon and Maine Portland
90%
Home city to the Steelers Pittsburgh
86%
Singer from Minnesota known for "Purple Rain" Prince
85%
Capital of Rhode Island Providence
85%
River that separates D.C. from Virginia Potomac
84%
Crop commonly grown in Idaho Potato
83%
Michigan is composed of an upper and a lower what? Peninsula
80%
Capital of South Dakota Pierre
80%
Inlet in northwest Washington state {Puget} Sound
79%
Kansas is stereotypically considered flatter than a _______ Pancake
77%
Where the Fresh Prince was born and raised Philadelphia
77%
Nevada is the only state where this is legal Prostitution
74%
Narrow strip of territory that states like Florida, Oklahoma, and West Virginia have Panhandle
73%
Georgia state crop farmed by Jimmy Carter Peanut
71%
Fried chicken fast food chain based in Louisiana Popeye's
64%
Spanish word for "town," refers to adobe buildings in the southwest Pueblo
57%
Religious group that founded Massachusetts Puritans
41%
University in West Lafayette, Indiana Purdue
35%
No matching quizzes found
Score Distribution
Percent of People with Each Score
Percentile by Number Answered
Your Score History
You have not taken this quiz